| 000 | 01439nac a22003011u 4500 | ||
|---|---|---|---|
| 003 | EG-ScBUE | ||
| 005 | 20221023101250.0 | ||
| 008 | 110117s1999 ua a f b 001 0 ara d | ||
| 017 | _a1999 / 8503 | ||
| 020 | _a9770161497 | ||
| 040 |
_aEG-ScBUE _bara _erda _cEG-ScBUE _dEG-ScBUE |
||
| 043 | _af-ua--- | ||
| 082 | 0 | 4 |
_a726.5962 _bك ل ا _222 |
| 100 | 1 |
_aكلارك، سومرز، _d1841-1926، _eمؤلف. _922022 |
|
| 240 | 1 | 0 |
_aChristian antiquities in The Nile Valley. _lArabic |
| 245 | 1 | 2 |
_aالآثار القبطية في وادي النيل : _bدراسة في الكنائس القديمة / _cسومرز كلارك ؛ ترجمة إبراهيم سلامة إبراهيم ؛ مراجعة وتقديم د. جودت جبرة |
| 264 | 1 |
_aالقاهرة : _bالهيئة المصرية العامة للكتاب _c1999. |
|
| 300 |
_a335 صفحة : _bإيضاحيات ؛ _c24 سم |
||
| 504 | _aيشتمل على إرجاعات ببليوجرافية وكشافات. | ||
| 546 | _aالنص باللغة العربية وتم ترجمته من اللغة الإنجليزية. | ||
| 650 | 7 |
_aالآثار المسيحية _zمصر. _2BUEsh _922211 |
|
| 650 | 7 |
_aالكنائس _zمصر. _2BUEsh _922212 |
|
| 653 | _bART | ||
| 655 | _vReading book | ||
| 700 | 1 |
_aإبراهيم ، إبراهيم سلامة، _eمترجم. _922025 |
|
| 700 | 1 |
_aجبرة، جودت، _922026 _eمراجع، _eمقدم. |
|
| 942 |
_cBB _k726.5962 ك ل ا _2ddc |
||
| 999 |
_c6983 _d6983 |
||